LEADER 03510nam 2200601Ia 450 001 9910830311603321 005 20230421045447.0 010 $a1-282-17162-3 010 $a9786612171628 010 $a1-4443-0397-X 010 $a1-4443-0398-8 035 $a(CKB)1000000000754333 035 $a(EBL)428005 035 $a(OCoLC)437111572 035 $a(SSID)ssj0000288333 035 $a(PQKBManifestationID)11260268 035 $a(PQKBTitleCode)TC0000288333 035 $a(PQKBWorkID)10372441 035 $a(PQKB)10496626 035 $a(MiAaPQ)EBC428005 035 $a(EXLCZ)991000000000754333 100 $a19921001d1993 uy 0 101 0 $aeng 135 $aur|n|---||||| 181 $ctxt 182 $cc 183 $acr 200 00$aAeolian sediments$b[electronic resource] $eancient and modern /$fedited by K. Pye and N. Lancaster 210 $aOxford ;$aBoston $cBlackwell Scientific Publications$d1993 215 $a1 online resource (181 p.) 225 1 $aSpecial publication number 16 of the International Association of Sedimentologists 300 $aDescription based upon print version of record. 311 $a0-632-03544-7 320 $aIncludes bibliographical references and index. 327 $aAeolian Sediments; Contents; Preface; Modern Aeolian Environments; Particle dislodgement from a flat sand bed by wind: a re-analysis of Willetts & Rice's data; Aeolian dynamics on the windward slope of a reversing transverse dune, Alexandria coastal dunefield, South Africa; Late Quaternary development of coastal parabolic megadune complexes in northeastern Australia; The modern and ancient pattern of sandflow through the southern Namib deflation basin; Internal structure of an aeolian dune using ground-penetrating radar 327 $aOrigins and sedimentary features of supersurfaces in the northwestern Gran Desierto Sand SeaAncient Aeolian Environments; Aeolian genetic stratigraphy: an example from the Middle Jurassic Page Sandstone, Colorado Plateau; Downwind changes within an ancient dune sea, Permian Cedar Mesa Sandstone, southeast Utah; Low-stand aeolian influence on stratigraphic completeness: upper member of the Hermosa Formation (latest Carboniferous), southeast Utah, USA; Draa reconstruction, the Permian Yellow Sands, northeast England T. Chrintz and L.B. Clemmensen; Index 330 $aStudies of aeolian sediments, both ancient and modern, have exhibited a number of important conceptual advances in recent years. In particular, there has been a move away from descriptions of sediments, bedforms and sedimentary environments toward a new emphasis on the dynamics of aeolian depositional systems at different temporal and spatial scales, and their response to external changes in sea levels, regional and global climates and tectonics. This Special Publication contains a selection of papers that were presented at the Symposium ""Aeolian Sediments: Ancient and Modern"" held in 1990. 410 0$aSpecial publication ... of the International Association of Sedimentologists ;$vno. 16. 606 $aWind erosion 606 $aEolian processes 615 0$aWind erosion. 615 0$aEolian processes. 676 $a551.3/7 676 $a551.37 701 $aPye$b Kenneth$0881266 701 $aLancaster$b Nicholas$f1948-$0881267 801 0$bMiAaPQ 801 1$bMiAaPQ 801 2$bMiAaPQ 906 $aBOOK 912 $a9910830311603321 996 $aAeolian sediments$91968197 997 $aUNINA LEADER 04312oam 22008054a 450 001 9910136431603321 005 20240409180904.0 010 $a0-472-90060-9 010 $a0-472-12181-2 024 7 $a10.3998/mpub.8749028 035 $a(CKB)3710000000587370 035 $a(EBL)4391642 035 $a(SSID)ssj0001608852 035 $a(PQKBManifestationID)16319881 035 $a(PQKBTitleCode)TC0001608852 035 $a(PQKBWorkID)14821170 035 $a(PQKB)11300518 035 $a(MiAaPQ)EBC4391642 035 $a(WaSeSS)IndRDA00120880 035 $a(MiU)10.3998/mpub.8749028 035 $a(OCoLC)978389760 035 $a(MdBmJHUP)muse51323 035 $a(ScCtBLL)eb40b2c1-11ad-4015-9bb0-14d9593274b1 035 $aEBL7007875 035 $a(AU-PeEL)EBL7007875 035 $a(MiAaPQ)EBC7007875 035 $a(oapen)https://directory.doabooks.org/handle/20.500.12854/37214 035 $a(EXLCZ)993710000000587370 100 $a20151027d2016 uy 0 101 0 $aeng 135 $aurmn#---||||| 181 $ctxt$2rdacontent 182 $cc$2rdamedia 183 $acr$2rdacarrier 200 10$aDreams for Dead Bodies$eBlackness, Labor, and the Corpus of American Detective Fiction /$fMiriam Michelle Robinson 210 $aAnn Arbor, MI, USA$cUniversity of Michigan Press$d2016 210 1$aAnn Arbor :$cUniversity of Michigan Press,$d[2016] 210 4$dİ[2016] 215 $a1 online resource (265 pages) 225 0 $aClass : culture 300 $aBibliographic Level Mode of Issuance: Monograph 311 $a0-472-11981-8 320 $aIncludes bibliographical references and index. 327 $aContents; Acknowledgments; Introduction: The Original Plotmaker; Chapter 1: Reverse Type; Chapter 2: The Art of Framing Lies; Chapter 3: To Have Been Possessed; Chapter 4: The Great Work Remaining before Us; Chapter 5: Prescription: Homicide?; Conclusion: Dream within a Dream; Notes; Bibliography; Index 330 $aDreams for Dead Bodies: Blackness, Labor, and the Corpus of American Detective Fiction offers new arguments about the origins of detective fiction in the United States, tracing the lineage of the genre back to unexpected texts and uncovering how authors such as Edgar Allan Poe, Mark Twain, Pauline Hopkins, and Rudolph Fisher made use of the genre's puzzle-elements to explore the shifting dynamics of race and labor in America. The author constructs an interracial genealogy of detective fiction to create a nuanced picture of the ways that black and white authors appropriated and cultivated literary conventions that coalesced in a recognizable genre at the turn of the twentieth century. These authors tinkered with detective fiction's puzzle-elements to address a variety of historical contexts, including the exigencies of chattel slavery, the erosion of working-class solidarities by racial and ethnic competition, and accelerated mass production. Dreams for Dead Bodies demonstrates that nineteenth- and early twentieth-century American literature was broadly engaged with detective fiction, and that authors rehearsed and refined its formal elements in literary works typically relegated to the margins of the genre. By looking at these margins, the book argues, we can better understand the origins and cultural functions of American detective fiction. 410 0$aClass, culture. 606 $aWork in literature 606 $aSlavery in literature 606 $aWorking class in literature 606 $aAfrican Americans in literature 606 $aDetective and mystery stories, American$xHistory and criticism 610 $aliterature 610 $acultural studies 610 $aEdgar Allan Poe 610 $aJupiter 610 $aMark Twain 615 0$aWork in literature. 615 0$aSlavery in literature. 615 0$aWorking class in literature. 615 0$aAfrican Americans in literature. 615 0$aDetective and mystery stories, American$xHistory and criticism. 676 $a813/.087209 700 $aRobinson$b Michelle$f1979-$0970911 712 02$aMichigan Publishing (University of Michigan) 801 0$bMdBmJHUP 801 1$bMdBmJHUP 906 $aBOOK 912 $a9910136431603321 996 $aDreams for Dead Bodies$92435471 997 $aUNINA